00977nam a2200313 i 450000500170000000800410001702000180005804000350007604100080011108200170011910000430013624500650017925000210024426400280026530000620029333600270035533700330038233800280041552100350044353400120047865000210049065000200051165000160053165000170054765000330056470000390059794200120063699900150064820220317000142.0141031s2010 sp ao gs 000 0 spa d a9788478643417 aCO-BoRNBPbspacCO-BoRNBPerda1 hfre04a582.16bM65a1 aMontardre, Héláene,d1954-eautora13aEl árbolcHélène Montardre ; adaptado por Luz Orihuela aCuarta edición 1aBarcelonabCombelc2010 a23 páginasbilustraciones, fotografías a colorc24 cm atextobtxt2rdacontent asin mediaciónbn2rdamedia avolumenbnc2rdacarrier aRecomendado desde los 6 años tl'arbre14aBotánica2LEMB14aÁrboles2LEMB14aHojas2LEMB14aFlores2LEMB14aÁrbolesxCrecimiento2LEMB1 aOrihuela, Luis,eadaptador9128378 2ddccBK c3243d3243